Stations du Métro de Paris par lettre - G - Statistiques

Statistiques générales
  • Ce quiz a été pris 479 fois
  • Le résultat moyen est 11 sur 14
Statistiques - réponses
Lignes Stations % Correct
4,5,7 Gare de l’Est
96%
4,5 Gare du Nord
95%
1,14 Gare de Lyon
93%
5,10 Gare d’Austerlitz
91%
3,3bis Gambetta
81%
3 Gallieni
74%
1 George V
74%
8,9 Grands Boulevards
73%
6 Glacière
71%
13 Garibaldi
68%
11 Goncourt
68%
13 Gaîté
61%
13 Guy Môquet
56%
13 Gabriel Péri
55%
Aucun quiz correspondant
Distribution des résultats
% des personnes avec chaque résultat
Percentile par nombre de réponses
Votre historique - résultats
Vous n’avez pas pris ce quiz